Anthropologie der ideologischen Systeme
Guardat en:
| Autor principal: | |
|---|---|
| Format: | Llibre |
| Idioma: | alemany |
| Publicat: |
Weinheim
Beltz
1977
|
| Col·lecció: | Studien zu Gesellschaft und Bildung, 1
|
| Matèries: | |
| Etiquetes: |
Afegir etiqueta
Sense etiquetes, Sigues el primer a etiquetar aquest registre!
|
MARC
| LEADER | 00000nam a2200000 a 4500 | ||
|---|---|---|---|
| 001 | UCN9914 | ||
| 003 | CL-VaPUC | ||
| 008 | 011221e19770000GW |||||||||||||||||ger|d | ||
| 082 | 0 | 4 | |a 320.01 |b LEM |2 21 |
| 100 | |a Lemberg, Eugen |e author |9 466408 | ||
| 245 | 1 | 0 | |a Anthropologie der ideologischen Systeme |
| 300 | |a 244 p | ||
| 942 | |c BK | ||
| 945 | |d 20011221 00:00:00 |a crobeson | ||
| 260 | |a Weinheim |b Beltz |c 1977 | ||
| 650 | 0 | |a Ideologías políticas |9 255735 | |
| 650 | 7 | |a TEORIA POLITICA |2 CL-VaPUC |9 466409 | |
| 650 | 0 | |a Antropología política |9 393207 | |
| 583 | |a last modification |c 20011221 00:00:00 |k Rodrigo Vera | ||
| 490 | 0 | |a Studien zu Gesellschaft und Bildung, 1 | |
| 999 | |c 299010 |d 299008 | ||
| 952 | |0 0 |1 0 |4 0 |6 320_010000000000000_LEM_1977 |7 0 |8 A |9 355131 |a BIBHIS |b BIBHIS |d 2019-11-21 |i 375426K |o 320.01 LEM 1977 |p 375426K |r 2025-01-20 |w 2019-11-21 |y BK |k HIS | ||